| 000 | 00371nam a22001697a 4500 | ||
|---|---|---|---|
| 005 | 20180417104510.0 | ||
| 008 | 160624b xxu||||| |||| 00| 0 eng d | ||
| 020 | _a0-07-46948-X | ||
| 041 | _aeng | ||
| 082 |
_b9791 _a346.07 |
||
| 100 |
_aTulsian, P.C. _94275 |
||
| 245 | _aBusiness Law | ||
| 260 | _bTMH | ||
| 300 | _a18.26 | ||
| 650 |
_aManagement _9241 |
||
| 942 | _cBK | ||
| 999 |
_c3821 _d3820 |
||